| 000 | 00354nam a2200145Ia 4500 | ||
|---|---|---|---|
| 008 | 230312s9999||||xx |||||||||||||| ||und|| | ||
| 020 | _a9780071713405 | ||
| 082 |
_a005.8 _bHAY-I |
||
| 100 | _aHayden,Lance | ||
| 245 | 0 | _aIT Security Metrics | |
| 260 |
_bMcgraw Hill _aUSA _c2010 |
||
| 300 | _a368 | ||
| 650 |
_aComputer _vComputer Security |
||
| 942 | _cBK | ||
| 999 |
_c16986 _d16986 |
||